Zes dichtstbijzijnde landen - Gambia - Statistieken

Algemene statistieken
  • Deze quiz is 11 keer genomen
  • De gemiddelde score is 4 van 6
Antwoordstatistieken
km land % Correct
0 Senegal
90%
74 Guinee
80%
61 Guinee-Bissau
80%
413 Sierra Leone
60%
189 Mali
50%
214 Mauritanië
50%
Geen overeenkomende quizzen gevonden
Scoreverdeling
Procent van Mensen met Elke Score
Percentiel versus Aantal Correcte Antwoorden
Uw Scoregeschiedenis
U heeft deze quiz nog niet genomen